[Event "FRA-ch U18"]
[Site "Aix les Bains"]
[Date "2006.04.??"]
[Round "4"]
[White "Genzling, Alain"]
[Black "Noally, Thibault"]
[Result "1-0"]
[WhiteElo "2145"]
[BlackElo "2042"]
[PlyCount "50"]
[EventDate "2006.04.??"]
[EventType "swiss"]
[EventRounds "8"]
[EventCountry "FRA"]
[SourceTitle "EXT 2007"]
[Source "ChessBase"]
[SourceDate "2006.11.23"]
[SourceVersion "1"]
[SourceVersionDate "2006.11.23"]
[SourceQuality "1"]

1. e4 Nf6 2. Nc3 d5 3. e5 d4 4. exf6 dxc3 5. fxg7 cxd2+ 6. Qxd2 Qxd2+ 7. Bxd2 Bxg7 8. 0-0-0 c5 9. Nf3 Nc6 10. Bb5 Bd7 11. Rhe1 a6 12. Bc4 Bg4 13. Bd5 Nd4 14. Nxd4 Bxd1 15. Nf5 0-0 16. Nxe7+ Kh8 17. Rxd1 Rad8 18. c4 Rd7 19. Nf5 Bf6 20. Kc2 b5 21. b3 bxc4 22. bxc4 Rb8 23. Bc3 Bxc3 24. Kxc3 Rdd8 25. Re1 Rb6 1-0

[Event "FRA-chT2C 0506"]
[Site "France"]
[Date "2005.10.16"]
[Round "1.6"]
[White "Noally, Thibault"]
[Black "Chouquet, Adrien"]
[Result "0-1"]
[WhiteElo "2023"]
[BlackElo "2154"]
[PlyCount "40"]
[EventDate "2005.10.27"]
[EventType "team"]
[EventRounds "11"]
[EventCountry "FRA"]
[SourceTitle "EXT 2006"]
[Source "ChessBase"]
[SourceDate "2005.11.24"]
[SourceVersion "1"]
[SourceVersionDate "2005.11.24"]
[SourceQuality "1"]

1. c4 Nf6 2. Nc3 e6 3. e4 d5 4. cxd5 exd5 5. e5 Ng4 6. d4 g6 7. Be2 Nh6 8. Nf3 Nf5 9. Bg5 Be7 10. h4 h5 11. Qd2 c6 12. 0-0-0 Be6 13. Rdg1 Nd7 14. g3 Rc8 15. Bxe7 Qxe7 16. Bd3 b5 17. Ne2 b4 18. Nf4 c5 19. Bxf5 Bxf5 20. Kd1 Bg4 0-1

[Event "FRA-chT2 0405"]
[Site "France"]
[Date "2005.04.03"]
[Round "11.6"]
[White "Tholey, Jean Paul"]
[Black "Noally, Thibault"]
[Result "0-1"]
[WhiteElo "2039"]
[BlackElo "2075"]
[PlyCount "110"]
[EventDate "2004.10.10"]
[EventType "team"]
[EventRounds "11"]
[EventCountry "FRA"]
[SourceTitle "EXT 2006"]
[Source "ChessBase"]
[SourceDate "2005.11.24"]
[SourceVersion "1"]
[SourceVersionDate "2005.11.24"]
[SourceQuality "1"]

1. d4 d6 2. c4 e5 3. dxe5 dxe5 4. Qxd8+ Kxd8 5. Nc3 c6 6. Nf3 f6 7. e3 Bf5 8. Bd2 Kc7 9. Nh4 Be6 10. Bd3 Nd7 11. b3 Rd8 12. Bc2 Ne7 13. h3 g5 14. Nf3 Bf5 15. Bxf5 Nxf5 16. Ne4 Nd6 17. Nxd6 Bxd6 18. Bc3 Nc5 19. Ke2 Ne4 20. Be1 b6 21. Rc1 a5 22. Nd2 Ba3 23. Rc2 Nc5 24. Nb1 Bb4 25. Bc3 Ne4 26. Bb2 a4 27. Nc3 Nc5 28. Nxa4 Nxa4 29. bxa4 Ra8 30. h4 g4 31. f3 Rhg8 32. h5 gxf3+ 33. Kxf3 Rxa4 34. g4 Kd6 35. Rd1+ Ke6 36. a3 Bc5 37. Rd3 e4+ 38. Kxe4 Rxg4+ 39. Kf3 Raxc4 40. Rxc4 Rxc4 41. e4 Rc2 42. Rb3 Rh2 43. Kg4 Rg2+ 44. Kf3 Rg5 45. h6 Rh5 46. Kg4 Rxh6 47. Rf3 Rg6+ 48. Kh5 Rg5+ 49. Kh6 Bf8+ 50. Kxh7 Rg7+ 51. Kh8 Rg6 52. Kh7 Kf7 53. Rh3 Rg7+ 54. Kh8 Rg8+ 55. Kh7 Bg7 0-1

[Event "FRA-chT2 0304a"]
[Site "France"]
[Date "2004.02.01"]
[Round "7.8"]
[White "Verot, Melanie"]
[Black "Noally, Thibault"]
[Result "1-0"]
[WhiteElo "2087"]
[BlackElo "2064"]
[PlyCount "101"]
[EventDate "2003.10.??"]
[EventType "team"]
[EventRounds "11"]
[EventCountry "FRA"]
[SourceTitle "EXT 2005"]
[Source "ChessBase"]
[SourceDate "2004.11.15"]
[SourceVersion "1"]
[SourceVersionDate "2004.11.15"]
[SourceQuality "1"]
[WhiteTeam "Cannes II"]
[BlackTeam "Echiquier Nicois II"]
[WhiteTeamCountry "FRA"]
[BlackTeamCountry "FRA"]

1. d4 Nf6 2. c4 c6 3. Nc3 d5 4. e3 a6 5. Nf3 Bf5 6. Qb3 b5 7. cxd5 cxd5 8. a4 bxa4 9. Qb7 Nbd7 10. Rxa4 Qb8 11. Bxa6 e6 12. Qxb8+ Rxb8 13. 0-0 Bc2 14. Ra1 Bb4 15. Bd2 Ne4 16. Rac1 Nxd2 17. Nxd2 Bxc3 18. Rxc2 Bxd2 19. Rxd2 0-0 20. Rc2 Rb4 21. Rfc1 Nb6 22. Kf1 Na4 23. Rb1 Rfb8 24. b3 Kf8 25. Ra1 Nb6 26. Rc3 Nd7 27. Ra3 Ke7 28. Bd3 g6 29. Bc2 Kd8 30. Ke2 Rc8 31. Kd3 Rb7 32. Ra6 Rxc3+ 33. Kxc3 Kc7 34. b4 Rb6 35. Rxb6 Kxb6 36. Ba4 Nf8 37. Be8 f6 38. f4 h6 39. Kb3 g5 40. g3 Ka6 41. Ka4 gxf4 42. gxf4 Kb6 43. b5 e5 44. f5 Nh7 45. h4 Nf8 46. Kb4 Nh7 47. Bd7 Nf8 48. Bc6 Nh7 49. Bxd5 Nf8 50. Bc6 exd4 51. exd4 1-0

[Event "FRA-chT 0102 U18"]
[Site "France"]
[Date "2001.11.24"]
[Round "1.4"]
[White "Noally, Thibault"]
[Black "Merieux, Christophe"]
[Result "1/2-1/2"]
[WhiteElo "1840"]
[BlackElo "1670"]
[PlyCount "59"]
[EventDate "2001.10.??"]
[EventType "team"]
[EventRounds "11"]
[EventCountry "FRA"]
[SourceTitle "EXT 2003"]
[Source "ChessBase"]
[SourceDate "2002.11.25"]
[SourceVersion "1"]
[SourceVersionDate "2002.11.25"]
[SourceQuality "1"]
[WhiteTeam "Nice"]
[BlackTeam "Cannes"]
[WhiteTeamCountry "FRA"]
[BlackTeamCountry "FRA"]

1. c4 e6 2. g3 d5 3. Bg2 Nf6 4. Nf3 c6 5. 0-0 Be7 6. Qc2 0-0 7. b3 Nbd7 8. Bb2 Re8 9. d4 b6 10. Nbd2 Bb7 11. e4 Rc8 12. Ne5 c5 13. exd5 exd5 14. Qf5 g6 15. Qc2 Qc7 16. Nxd7 Qxd7 17. dxc5 bxc5 18. cxd5 Bxd5 19. Bxd5 Nxd5 20. Nc4 Bf6 21. Bxf6 Nxf6 22. Qb2 Re6 23. Rac1 Qd4 24. Qa3 a6 25. Rfd1 Qg4 26. Ne3 Qf3 27. Qa5 Ne4 28. Rf1 Nxf2 29. Rxf2 Qxe3 30. Qc3 1/2-1/2